000 00209 a2200097 4500
001 41117
100 _aGrimm W
245 _aThe Golden Goose
260 _aLondon
_bOxford University
_c
090 _c25347
_d25347
942 _aNUST-CAE
_cM
_c17055
999 _c276190
_d276190